Statistieken voor Selecteer Landen Quiz

Klik hier om de quiz te nemen!

Algemene statistieken

  • Deze quiz is 55 keer genomen
  • De gemiddelde score is 54 van 80

Antwoordstatistieken

VraagVakSelect% Correct
Eilandstaten*EcuadorNee
98%
Eilandstaten*FinlandNee
95%
Eilandstaten*ItaliëNee
95%
Eilandstaten*TanzaniaNee
95%
Eilandstaten*KroatiëNee
93%
Eilandstaten*MozambiqueNee
93%
landen met een berg hoger dan 3000 meter**BelgiëNee
90%
landen met een berg hoger dan 3000 meter**NederlandNee
88%
die groter zijn dan Duitsland***OmanNee
88%
Eilandstaten*QatarNee
88%
landen met een berg hoger dan 3000 meter**BangladeshNee
85%
Eilandstaten*CubaJa
85%
waarvan de hoofdstad begint met een letter uit de eerste helft van het alfabet (a-m)FrankrijkNee
85%
Eilandstaten*KaapverdiëJa
85%
Eilandstaten*MaldivenJa
85%
landen met een berg hoger dan 3000 meter**NigeriaNee
85%
Eilandstaten*KiribatiJa
83%
waarvan de hoofdstad begint met een letter uit de eerste helft van het alfabet (a-m)LibyaNee
83%
waarvan de hoofdstad begint met een letter uit de eerste helft van het alfabet (a-m)NauruNee
83%
waarvan de hoofdstad begint met een letter uit de eerste helft van het alfabet (a-m)TongaNee
83%
waarvan de hoofdstad begint met een letter uit de eerste helft van het alfabet (a-m)Zuid-KoreaNee
83%
landen in de Caribische zeeFijiNee
80%
Eilandstaten*IJslandJa
80%
die groter zijn dan Duitsland***MaleisiëNee
80%
die groter zijn dan Duitsland***Nieuw-ZeelandNee
80%
landen in de Caribische zeePalauNee
80%
landen in de Caribische zeeSeychellenNee
80%
die groter zijn dan Duitsland***VietnamNee
80%
landen met een berg hoger dan 3000 meter**FilipijnenNee
78%
Eilandstaten*JapanJa
78%
landen in de Caribische zeeSamoaNee
78%
landen in de Caribische zeeTongaNee
78%
landen in de Caribische zeeNauruNee
76%
die groter zijn dan Duitsland***PolenNee
76%
landen in de Caribische zeeCubaJa
73%
waarvan de hoofdstad begint met een letter uit de eerste helft van het alfabet (a-m)GriekenlandJa
73%
landen in de Caribische zeeHaitiJa
73%
waarvan de hoofdstad begint met een letter uit de eerste helft van het alfabet (a-m)HondurasNee
73%
landen in de Caribische zeeMauritiusNee
73%
landen met een berg hoger dan 3000 meter**ParaguayNee
73%
waarvan de hoofdstad begint met een letter uit de eerste helft van het alfabet (a-m)Sri LankaNee
73%
landen in de Caribische zeeDominicaanse RepubliekJa
71%
landen in de Caribische zeeJamaicaJa
71%
landen met een berg hoger dan 3000 meter**LiechtensteinNee
71%
landen met een berg hoger dan 3000 meter**OostenrijkJa
71%
landen in de Caribische zeeSt. Kitts en NevisJa
71%
Eilandstaten*Verenigd KoninkrijkJa
71%
landen in de Caribische zeeDominicaJa
68%
die groter zijn dan Duitsland***FrankrijkJa
68%
waarvan de hoofdstad begint met een letter uit de eerste helft van het alfabet (a-m)IndiaNee
68%
Eilandstaten*IndonesiëJa
68%
landen in de Caribische zeeSao Tomé en PrincipeNee
68%
die groter zijn dan Duitsland***Verenigd KoninkrijkNee
68%
landen in de Caribische zeeBarbadosJa
66%
landen in de Caribische zeeGrenadaJa
66%
landen met een berg hoger dan 3000 meter**NepalJa
66%
landen met een berg hoger dan 3000 meter**NorwegenNee
63%
waarvan de hoofdstad begint met een letter uit de eerste helft van het alfabet (a-m)RuslandJa
63%
waarvan de hoofdstad begint met een letter uit de eerste helft van het alfabet (a-m)TurkijeJa
63%
landen met een berg hoger dan 3000 meter**Verenigde StatenJa
63%
landen met een berg hoger dan 3000 meter**ChinaJa
56%
die groter zijn dan Duitsland***ZwedenJa
56%
die groter zijn dan Duitsland***FinlandNee
54%
waarvan de hoofdstad begint met een letter uit de eerste helft van het alfabet (a-m)CubaJa
51%
waarvan de hoofdstad begint met een letter uit de eerste helft van het alfabet (a-m)MadagaskarJa
51%
landen met een berg hoger dan 3000 meter**JapanJa
46%
waarvan de hoofdstad begint met een letter uit de eerste helft van het alfabet (a-m)LibanonJa
46%
die groter zijn dan Duitsland***OezbekistanJa
44%
die groter zijn dan Duitsland***MarokkoJa
34%
landen met een berg hoger dan 3000 meter**Zuid-AfrikaJa
34%
Eilandstaten*AustraliëNee
32%
waarvan de hoofdstad begint met een letter uit de eerste helft van het alfabet (a-m)SoedanJa
32%
waarvan de hoofdstad begint met een letter uit de eerste helft van het alfabet (a-m)SomaliëJa
32%
die groter zijn dan Duitsland***KeniaJa
24%
die groter zijn dan Duitsland***IrakJa
22%
landen met een berg hoger dan 3000 meter**Costa RicaJa
20%
die groter zijn dan Duitsland***ZimbabweJa
17%
die groter zijn dan Duitsland***ChiliJa
15%
die groter zijn dan Duitsland***JapanJa
12%
landen met een berg hoger dan 3000 meter**DenemarkenJa
10%

Scoreverdeling

Percentiel versus Aantal Correcte Antwoorden

Procent van Mensen met Elke Score

Uw Scoregeschiedenis

U heeft deze quiz nog niet genomen